000 00379nam a2200145Ia 4500
008 150201s1992 xx 000 0 und d
082 _a617.525
_bK1992B
100 _aPETE BANKS
245 _aKILLEYS FRACTURES OF THE MIDDLE 3RD FACIAL SKELTON
250 _a5TH
260 _bWRIGHT PUBLICATION
_aOXFORD
_c1992
300 _a1-118
650 _aORAL SURGERY
942 _2ddc
_cBK
_01
999 _c4363
_d4363